Evaluación del Fondo de Inversión Social (FIS)
Salvato in:
| Natura: | testo |
|---|---|
| Soggetti: | |
| Tags: |
Aggiungi Tag
Nessun Tag, puoi essere il primo ad aggiungerne!!
|
MARC
| LEADER | 00000 a a2200000 04500 | ||
|---|---|---|---|
| 001 | 5891 | ||
| 003 | |||
| 040 | |||
| 245 | |a Evaluación del Fondo de Inversión Social (FIS) | ||
| 650 | |a EVALUACION DE PROGRAMAS | ||
| 650 | |a INVERSIONES PUBLICAS | ||
| 650 | |a ESTADO | ||
| 650 | |a ORGANIZACIONES INTERGUBERNAMENTALES | ||
| 650 | |a ONU | ||
| 650 | |a BID | ||
| 650 | |a AID | ||
| 650 | |2 Thesaurus CIDCSO | ||
| 650 | |a POBREZA | ||
| 773 | |g volumen 15, número 636; páginas 7-10 | ||
| 999 | |c 28102 |d 28102 | ||
